00363nam a22001457a 4500003000400000008004100004020001800045082001400063100002200077245003000099250001300129260005300142300001100195650001100206OSt241023b |||||||| |||| 00| 0 eng d a9788190402507 a687.4 KHM aKHAN, Alam Pervez aMen's Wear Pattern Making a1st. ed. aDelhi,bPankaj Publication International,c2007, a121 p. aB.FAD.